Quizzes
Events
Quiz Creation
Community
Videos
Private Events
Remove Ads
Sign In
Join for FREE
Feedback
Dark Mode
Quiz Categories
Sports
Geography
Music
Movies
Television
Just For Fun
Miscellaneous
History
Literature
Language
Science
Gaming
Entertainment
Religion
Holiday
For Kids
Quiz Lab
Recent
Popular Today
Quiz Kudos Today
Editor Picks
Curator Picks
Quizzes by...
Day
Popularity
Type
Ratings
Length
Year
Community
Subscriptions
Recent Discussions
Orange Saloon
Badges
Playlists
Quests
Create
Leaderboards
Showdown
Live 5
Trivia Bingo
Activity
Puzzle Library
Sporcle Events
Private Events
Virtual Trivia
Globe League
Become a Host
Pub Owners
SporcleCon
Opinionation
Our Games
Videos
Blog
Mobile Apps
Partnerships
Remove Ads and Go Orange
Feedback
Language
Vocabulary
Begins and Ends
Definition
Spanish
French
German
Italian
Chinese
Latin
Translation
Japanese
Language
Vocabulary
Begins and Ends
Definition
Spanish
French
German
Italian
Chinese
Latin
Translation
Japanese
Random Quiz
Search Sporcle
×
Curator Pick
Curator Pick
Language
Definition
Type in answers that appear in a list
Type in answers that appear in a list
Classic
Best Score? Go Orange.
Really Long Anagrams Stats
Can You Identify the Pair of Anagrams That Can Be Created from Each Set of Scrambled Letters?
By
WCRoentgen
10m
14 Questions
57 Plays
57 Plays
57 Plays
Comments
Comments
Give Quiz Kudos
Give Quiz Kudos
-
- Ratings
hide this ad
More Info
Replay
Link that replays current quiz
Next Quiz
Link to next quiz in quiz playlist
You Got
0%
They Got
Avg Score
46%
Avg Friend Score
Upgrade to see
Score Distribution
Jump to the score distribution portion of the page
Score
0/14
Timer
10:00
0
Plays Today
Scrambled Letters
Unscrambled Words
% Correct
aeeimnnortu
mountaineer
90.4%
aceinooprrt
procreation
71.9%
aceinooprrt
incorporate
69.2%
aacilmorrttu *
court-martial
63.5%
aadegilnrttu
triangulated
63.5%
abdefiiilnty
definability
54.4%
ddeeeinnprstu
superintended
53.8%
Scrambled Letters
Unscrambled Words
% Correct
aeeimnnortu
enumeration
47.4%
aeemnorrsstt
remonstrates
42.3%
aacilmorrttu *
matriculator
36.8%
abdefiiilnty
identifiably
32.7%
ddeeeinnprstu
unpredestined
31.6%
aadegilnrttu
adulterating
24.6%
aeemnorrsstt
reassortment
7%
Quiz Playlist
Details
Report
Send in Message
Add To Playlist
More Info:
Definitions given for each unscrambled word. *One of the answers is hyphenated, but you don't need to enter the hyphen.
Classic:
Type in answers that appear in a list
Quiz Source
Last Updated: Feb 16, 2017
Curator Pick in
Letter
Quiz Scoreboard
CHALLENGE
Sign Up to Join the Scoreboard
Show All
Scores
Hide
Comments
May contain spoilers
Recently Published
Popular People in 1961
by mucciniale
History
6m
1-10 Letter E Words III
by El_Dandy
Language
2m
One Thing in Common: World Cities II
by knightlancer
Geography
7m
More to Explore
Quiz From the Vault
Featured Blog Post
Where Did the Easter Bunny Come From?
hide this ad
You Might Also Like...
Tags
Definition Quiz
Letter Quiz
anagrams
large
long
Word Scramble
Today's Top Quizzes in Language
Browse Language
hide this ad
Today's Top Quizzes in Definition
Browse Definition
Top Contributed Quizzes in Language
1
Order Up: Top 10 Most Native Spoken Languages
2
1-10 Letter F Words III
3
1-10 Letter G Words III
4
One Thing in Common: Italy
5
1-10 Letter H Words III
6
1-10 Letter I Words III
7
Hiragana Speed Reading
8
Begins and Ends With AN
9
Vocabulary 5
10
1-10 Letter J Words III
Explore More
Trending Topics
Harry Potter
Kpop
Disney
Crossword
Anime
NBA
Marvel
Song
NFL
Puzzle
Soccer
WWE
The Office
Country
Pokémon
hide this ad
More By:
WCRoentgen
Quiz
Plays
Rating
Category
Featured
Created
Human Anatomy by Group
46,404
4.34
Science
Feb 2, 2013
Active Career Home Run Leaders Through MLB History
1,788
4.23
Sports
Oct 7, 2009
Ancestry by U.S. County
1,224
3.56
Geography
Nov 14, 2009
Song by Guitar Clip (Volume # 2)
1,197
4.50
Music
Jan 5, 2011
Identify the Elements
1,026
4.11
Science
Feb 13, 2010
Go to Creator's Profile
Score Distribution
Quiz Creator Spotlight
WCRoentgen
Follow
Send a Message
Quizzes Created
-
Created Quiz Play Count
-
More By This Creator
Popular Quizzes Today
1
Find the US States - No Outlines Minefield
2
The Countries of the World
3
Find the Countries of Europe - No Outlines Minefield
4
Popular People in 1961
5
1-10 Letter E Words III
6
Find the US States
7
One Thing in Common: World Cities II
8
US States
More Language Quizzes
Which German Medical Job?
Curator's Pick
Trending Quizzes
Risky Map Clicking: Least Populous States A-Z
1-10 Letter F Words
1-10 Letter G Words
One Thing in Common: United Kingdom
Risky Map Clicking: Next State Alphabetically
Recently Updated
Leaping Animals
pecheneg
Reality TV Shows (A-Z)
bhenderson79
Rickey Henderson's Hall of Fame Teammates
pecheneg
Champions League XIs: Arsenal
pecheneg
Quick Pick: Celebrities in WWE's Hall of Fame
aduchscher
A-Z Keypad Blitz II
pecheneg
Multiple Oscar Actors
pecheneg
Mystery Phrase Blitz: Oscar 'Best Actors'
pecheneg
F. Scott Fitzgerald Novels
LTH
Pick 3 Villains
ddd62291
Trending Topics
Harry Potter
Marvel
Disney
NBA
Kpop
Crossword
Anime
Country
NFL
Song
Pokémon
Puzzle
The Office
Soccer
WWE
Your Account Isn't Verified!
In order to create a playlist on Sporcle, you need to verify the email address you used during registration. Go to your
Sporcle Settings
to finish the process.
Report this User
Report this user for behavior that violates our
Community Guidelines
.
Details:
Send Report
Go to the Sporcle.com Mobile Site →
Comments